Ius gratiae-ius communionis: corso di teologia del diritto ecclesiale

Saved in:
Bibliographic Details
Main Author: Ghirlanda, Gianfranco (Author)
Format: Book
Language:Italian
Published: Roma Editrice Pontificia Universitá Gregoriana 1997
Subjects:
Tags: Add Tag
No Tags, Be the first to tag this record!

MARC

LEADER 00000nam a2200000 a 4500
001 UCQ4222
003 CL-VaPUC
008 980904e19970000IT |||||||||||||||||ita|d
082 0 4 |a 262.9  |b GHI  |2 21 
100 |a Ghirlanda, Gianfranco  |e author  |9 599467 
245 1 0 |a Ius gratiae-ius communionis: corso di teologia del diritto ecclesiale 
300 |a 85 p 
942 |c BK 
945 |d 19980904 00:00:00  |a mvenant 
260 |a Roma  |b Editrice Pontificia Universitá Gregoriana  |c 1997 
650 0 |a Derecho eclesiástico  |9 255055 
583 |a last modification  |c 19980904 00:00:00  |k Rodrigo Vera 
999 |c 274629  |d 274627 
952 |0 0  |1 0  |4 0  |6 262_900000000000000_GHI_1997  |7 0  |8 A  |9 310902  |a BIBDER  |b BIBDER  |d 2019-11-20  |i 3436179  |o 262.9 GHI 1997  |p 3436179  |r 2023-01-25  |w 2019-11-20  |y BK  |k DER 
952 |0 0  |1 0  |4 0  |6 262_900000000000000_GHI_1997  |7 0  |8 A  |9 310903  |a BIBDER  |b BIBDER  |d 2019-11-20  |i 3894096  |o 262.9 GHI 1997  |p 3894096  |r 2023-01-25  |w 2019-11-20  |y BK  |k DER